Manuel Belgrano (Registro nro. 4435)

Detalles MARC
000 -LEADER
fixed length control field 01033 a2200253 4500
001 - CONTROL NUMBER
control field 47672
005 - DATE AND TIME OF LATEST TRANSACTION
control field 20260407155743.0
008 - FIXED-LENGTH DATA ELEMENTS--GENERAL INFORMATION
fixed length control field 260407a2009 arg spa d
003 - CONTROL NUMBER IDENTIFIER
control field AR-UNSa-BCEJYS
040 ## - CATALOGING SOURCE
Original cataloging agency AR-UNSa-BCEJYS
Language of cataloging spa
Transcribing agency AR-UNSa-BCEJYS
080 ## - UNIVERSAL DECIMAL CLASSIFICATION NUMBER
Universal Decimal Classification number 929
Common auxiliary subdivision Estudios biográficos y relacionados
020 ## - INTERNATIONAL STANDARD BOOK NUMBER
International Standard Book Number 978-950-04-3189-7
041 ## - LANGUAGE CODE
Language code of text/sound track or separate title spa
100 1# - MAIN ENTRY--PERSONAL NAME
Personal name Pigna, Felipe
245 10 - TITLE STATEMENT
Title Manuel Belgrano
Name of part/section of a work autobiografía y escritos económicos
264 #1 - PRODUCTION, PUBLICATION, DISTRIBUTION, MANUFACTURE, AND COPYRIGHT NOTICE
Place of production, publication, distribution, manufacture Buenos Aires :
Name of producer, publisher, distributor, manufacturer Emecé
Date of production, publication, distribution, manufacture, or copyright notice 2009
300 ## - PHYSICAL DESCRIPTION
Extent 214 p.
Dimensions 23 cm.
505 ## - FORMATTED CONTENTS NOTE
Formatted contents note 1. Autobiografía del General Don Juan Manuel Belgrano, que comprende desde sus primeros años (1770) hasta la Revolución del 25 de Mayo - 2. Medios generales de fomentar la agricultura, animar la industria y proteger el comercio en un país agricultor.
590 ## - LOCAL NOTE (RLIN)
Local note niveau_biblio:m niveau_hierar:0
650 ## - SUBJECT ADDED ENTRY--TOPICAL TERM
Topical term or geographic name entry element MANUEL BELGRANO
650 ## - SUBJECT ADDED ENTRY--TOPICAL TERM
Topical term or geographic name entry element manuel belgrano
856 41 - ELECTRONIC LOCATION AND ACCESS
Uniform Resource Identifier <a href="https://biblioeco.unsa.edu.ar/pmb/images/libros/L127634.jpg">https://biblioeco.unsa.edu.ar/pmb/images/libros/L127634.jpg</a>
Link text Imagen de portada
Electronic format type image/jpeg
942 ## - ADDED ENTRY ELEMENTS (KOHA)
Koha item type
Existencias
Withdrawn status Lost status Damaged status Not for loan Home library Current library Shelving location Date acquired Total checkouts Full call number Barcode Date last seen Price effective from Koha item type
        Biblioteca Prof. Eusebio Cleto del Rey Biblioteca Prof. Eusebio Cleto del Rey   07/04/2026   929BELGRANO P632 L127634 07/04/2026 07/04/2026 Libro